Introduction to Operations Research

Salvato in:
Dettagli Bibliografici
Autore principale: Hillier, Frederick S.
Altri autori: Lieberman, Gerald J.
Natura: Libro
Lingua:inglese
Pubblicazione: Oakland Holden-Day 1986
Edizione:4. ed.
Soggetti:
Tags: Aggiungi Tag
Nessun Tag, puoi essere il primo ad aggiungerne!!

MARC

LEADER 00000nam a2200000 4500
001 c001989
005 20221220073509.3
020 |a 0-8162-3871-5 
041 0 |a eng 
044 |a US 
245 1 0 |a Introduction to Operations Research  |c Frederick S. Hillier, Gerald J. Lieberman 
250 |a 4. ed. 
264 1 |a Oakland  |b Holden-Day  |c 1986 
300 |a 888 s. 
610 2 0 |a analýza operačná 
610 2 0 |a programovanie lineárne 
610 2 0 |a metóda simplexová 
610 2 0 |a úloha duálna 
610 2 0 |a modely lineárne 
610 2 0 |a programovanie matematické 
610 2 0 |a analýza sieťová 
610 2 0 |a programovanie dynamické 
610 2 0 |a teória hier 
610 2 0 |a programovanie celočíselné 
610 2 0 |a programovanie nelineárne 
610 2 0 |a teória pravdepodobnosti 
610 2 0 |a teória obsluhy hromadnej 
610 2 0 |a teória zásob 
610 2 0 |a reťazce Markovove 
610 2 0 |a analýza rozhodovacia 
100 1 |a Hillier, Frederick S. 
700 1 |a Lieberman, Gerald J.